000 00398nam a2200157Ia 4500
008 200103s9999||||xx |||||||||||||| ||und||
020 _a9788132110095
040 _aIMU-MPC
082 _aColumn-5
100 _aGangopadhyay, Shubhashis and Santhakumar, V.
245 0 _aLaw and Economics, Vol. 1: Theory
250 _aVol. 1
260 _bSAGE Publications
_c2013
300 _a174
942 _cBK
999 _c3513
_d3513